Países de América menos adivinados en Jetpunk - Estadísticas

Estadísticas generales
  • Esta prueba ha sido intentada 36 veces
  • La puntuación promedio es 18 de 20
Estadísticas de respuestas
% de adivinación País % Correcto
71 Costa Rica
96%
71 Guyana
96%
36 Barbados
93%
71 El Salvador
93%
70 Guatemala
93%
66 Nicaragua
93%
29 Santa Lucía
93%
60 Surinam
93%
59 Belice
89%
69 Haití
89%
72 Honduras
89%
60 Jamaica
89%
40 Trinidad y Tobago
89%
49 Bahamas
85%
33 Antigua y Barbuda
81%
35 Dominica
81%
28 Granada
81%
72 República Dominicana
81%
22 San Cristobal y Nieves
81%
23 San Vicente y las Granadinas
81%
No se encontraron pruebas coincidentes
Distribución de puntuación
Porcentaje de gente con cada puntuación
Porcentaje por número respondido
Historial de tus puntuaciones
No has intentado esta prueba.